000
00271nam a2200097Ia 4500
008
190216s9999||||xx |||||||||||||| ||und||
100
_a
Prabhakara Varrier.K.M & Santha Augestien
245
0
_a
Aadhunika Bhasha Sasthram
260
_b
Kerala Bhasha Institute
942
_c
BK
999
_c
25442
_d
25442